000 00543nam a22001817a 4500
003 UA-OsUOA
001 11262
007 ta
008 20050303b un ||||| |||| 00| 0 ukr d
100 _aКричивец А.Н.
942 _cSA
040 _aUA-OsUOA
_cUA-OsUOA
_dUA-OsUOA
245 _aВнутренние условия развития и психофизическая проблема
300 _aС.3-18
955 _a0
773 0 _w0
_tВопросы психологии
_dМ.
_d2005
_g№1
650 7 _aПсихоаналіз
_2UDC
999 _c297423
_d297423